000 00483nab a2200145Ia 4500
003 ES-SlBCS
005 20210601142035.0
008 140529s1955 xxu||||| |||| 00| 0 spa d
041 _aspa
100 1 _aCobos Porras, Juan
_9264111
245 0 0 _aFilosofía de la política: la ley cósmica de los equilibrios
_c Juan Cobos Porras
650 0 4 _aFilosofía de la Política
_9264112
773 0 _tGiornali di Metafisica
_gvol. 10, nº. 4-5, 1955, págs. 585-596
_w0017-0372
942 _cAR
999 _c670594
_d670594